Obehové hospodárstvo v podmienkach Slovenskej republiky
Priblíženie koncepcie obehového hospodárstva. Proces obehového hospodárstva. Spôsoby nakladania s odpadom.
Salvato in:
| Autore principale: | |
|---|---|
| Altri autori: | |
| Natura: | Capitolo di libro |
| Lingua: | slovacco |
| Soggetti: | |
| Tags: |
Nessun Tag, puoi essere il primo ad aggiungerne!!
|
MARC
| LEADER | 00000nla a2200000 4500 | ||
|---|---|---|---|
| 001 | 0239013 | ||
| 005 | 20240502073853.4 | ||
| 041 | 0 | |a slo | |
| 044 | |a SK | ||
| 245 | 1 | 0 | |a Obehové hospodárstvo v podmienkach Slovenskej republiky |c Dominika Franková |
| 520 | |a Priblíženie koncepcie obehového hospodárstva. Proces obehového hospodárstva. Spôsoby nakladania s odpadom. | ||
| 610 | 2 | 0 | |a hospodárstvo odpadové |
| 610 | 2 | 0 | |a politika ekologická |
| 610 | 2 | 0 | |a spracovanie odpadu |
| 610 | 2 | 0 | |a ochrana prostredia životného |
| 610 | 2 | 0 | |a skládky odpadu |
| 610 | 2 | 0 | |a Slovensko |
| 610 | 2 | 0 | |a Európska únia |
| 100 | 1 | |a Franková, Dominika, 1995- | |
| 700 | 1 | |a Stričík, Michal, 1969- | |